| 000 | 00604nas a22001817a 4500 | ||
|---|---|---|---|
| 008 | 130426t20109999ag ||||| |||| 00| 0 spa d | ||
| 245 | _aColeccion Acontecimientos Terapeuticos | ||
| 260 |
_aBuenos Aires, _bSociedad Iberoamericana de Informacion Cientifica: _c2010 |
||
| 300 | _av. : | ||
| 440 |
_aIndicaciones Clinicas de Levetiracetam _92060 |
||
| 546 | _aespaƱol | ||
| 590 | _aIndizada en: SIIC Data Bases | ||
| 590 | _aExistencias: 2010 (1 ejemplar) | ||
| 650 |
_aNEUROLOGIA _91941 |
||
| 650 |
_aLEVETIRACETAM _92061 |
||
| 856 | _uhttp://www.siicsalud.com/lmr/siicdatabases.php | ||
| 942 |
_2ddc _cCR |
||
| 999 |
_c1342 _d1342 |
||